000 00547nam a2200217Ia 4500
005 20241216010437.0
008 180423s9999||||xx |||||||||||||| ||und||
082 _a525
_bL87
100 _aLOUNSBURY JHON F.
245 0 _aEARTH SCIENCE
250 _a0
260 _aU.S.A.
_bHARPER ROW PUBLISHERS
_c1973
300 _a416 pag
_c24 cm
341 _h0
490 _v0
_a0
505 _aEARTH PLANET/COMPOSITION/MOISTURE
541 _aD
_bBANCO MINERO DEL PERU
_d31-Jan-00
650 _aCIENCIAS PURAS
856 _zCC. Puras
942 _cLIBRO
999 _c14586
_d14586